The organometallic chemistry of the transition metals / (Record no. 9996)

MARC details
000 -LEADER
fixed length control field 01531cam a2200361 a 4500
001 - ACCESSION NUMBER
control field 13467
003 - CONTROL NUMBER IDENTIFIER
control field CUTN
005 - DATE AND TIME OF LATEST TRANSACTION
control field 20140123115629.0
008 - FIXED-LENGTH DATA ELEMENTS--GENERAL INFORMATION
fixed length control field 090202s2009 njua b 001 0 eng
010 ## - LIBRARY OF CONGRESS CONTROL NUMBER
LC control number 2009004221
020 ## - INTERNATIONAL STANDARD BOOK NUMBER
International Standard Book Number 9780470257623 (cloth)
020 ## - INTERNATIONAL STANDARD BOOK NUMBER
International Standard Book Number 0470257628 (cloth)
035 ## - SYSTEM CONTROL NUMBER
System control number (OCoLC)ocn268790870
040 ## - CATALOGING SOURCE
Original cataloging agency DLC
Language of cataloging eng
Transcribing agency DLC
Modifying agency BTCTA
-- YDXCP
-- C#P
-- CDX
-- BWX
-- NLGGC
-- HEBIS
-- DEBBG
-- OCL
-- DLC
050 00 - LIBRARY OF CONGRESS CALL NUMBER
Classification number QD411.8.T73
Item number C73 2009
082 00 - DEWEY DECIMAL CLASSIFICATION NUMBER
Classification number 547/.056
Edition number 22
084 ## - OTHER CLASSIFICATION NUMBER
Classification number 35.60
Source of number bcl
084 ## - OTHER CLASSIFICATION NUMBER
Classification number CHE 315f
Source of number stub
084 ## - OTHER CLASSIFICATION NUMBER
Classification number CHE 330f
Source of number stub
084 ## - OTHER CLASSIFICATION NUMBER
Classification number VH 9700
Source of number rvk
100 1# - MAIN ENTRY--PERSONAL NAME
Personal name Crabtree, Robert H.,
Dates associated with a name 1948-
Locally assigned cutter number (author) CRA
245 14 - TITLE STATEMENT
Title The organometallic chemistry of the transition metals /
Statement of responsibility, etc Robert H. Crabtree.
250 ## - EDITION STATEMENT
Edition statement 5th ed.
260 ## - PUBLICATION, DISTRIBUTION, ETC. (IMPRINT)
Place of publication, distribution, etc Hoboken, N.J. :
Name of publisher, distributor, etc Wiley,
Date of publication, distribution, etc c2009.
300 ## - PHYSICAL DESCRIPTION
Extent xiii, 505 p. :
Other physical details ill. ;
Dimensions 25 cm.
504 ## - BIBLIOGRAPHY, ETC. NOTE
Bibliography, etc Includes bibliographical references and index.
650 #0 - SUBJECT ADDED ENTRY--TOPICAL TERM
Topical term or geographic name as entry element Organotransition metal compounds.
856 41 - ELECTRONIC LOCATION AND ACCESS
Materials specified Table of contents
Uniform Resource Identifier <a href="http://bvbr.bib-bvb.de:8991/F?func=service&doc_library=BVB01&doc_number=017693720&line_number=0001&func_code=DB_RECORDS&service_type=MEDIA">http://bvbr.bib-bvb.de:8991/F?func=service&doc_library=BVB01&doc_number=017693720&line_number=0001&func_code=DB_RECORDS&service_type=MEDIA</a>
856 4# - ELECTRONIC LOCATION AND ACCESS
Uniform Resource Identifier <a href="http://bvbr.bib-bvb.de:8991/F?func=service&doc_library=BVB01&doc_number=017693720&line_number=0002&func_code=DB_RECORDS&service_type=MEDIA">http://bvbr.bib-bvb.de:8991/F?func=service&doc_library=BVB01&doc_number=017693720&line_number=0002&func_code=DB_RECORDS&service_type=MEDIA</a>
Public note Klappentext
906 ## - LOCAL DATA ELEMENT F, LDF (RLIN)
a 7
b cbc
c orignew
d 1
e ecip
f 20
g y-gencatlg
942 ## - ADDED ENTRY ELEMENTS (KOHA)
Source of classification or shelving scheme Dewey Decimal Classification
Koha item type General Books
Holdings
Date last seen Total Checkouts Total Renewals Full call number Barcode Date checked out Copy number Price effective from Koha item type Lost status Source of classification or shelving scheme Damaged status Not for loan Withdrawn status Home library Current library Shelving location Date acquired
25/04/2025 23 22 547/.056 13467 25/03/2025 1 23/01/2014 General Books   Dewey Decimal Classification       CUTN Central Library CUTN Central Library Sciences 23/01/2014